000
00247nam a2200097Ia 4500
001
643057
005
20250826153538.0
008
250824s9999 xx 000 0 und d
245
0
_a
ALLAH DE ÖTESİNİ BIRAK
_c
UĞUR KOŞAR
260
_b
DESTEK YAYINLARI
999
_c
643057
_d
643057